Experiments in personality / (Record no. 75615)

MARC details
000 -LEADER
fixed length control field 01203nam a2200361 a 4500
001 - CONTROL NUMBER
control field vtls000071510
003 - CONTROL NUMBER IDENTIFIER
control field NLI
005 - DATE AND TIME OF LATEST TRANSACTION
control field 20210601193119.0
008 - FIXED-LENGTH DATA ELEMENTS--GENERAL INFORMATION
fixed length control field 101125m1960uuuuenka 001 0 eng
039 #9 - LEVEL OF BIBLIOGRAPHIC CONTROL AND CODING DETAIL [OBSOLETE]
-- 201011250731
-- VLOAD
040 0# - CATALOGING SOURCE
Original cataloging agency NLI
Language of cataloging eng
Transcribing agency Entertech-2003
Description conventions AACR2
041 0# - LANGUAGE CODE
Language code of text/sound track or separate title eng
044 ## - COUNTRY OF PUBLISHING/PRODUCING ENTITY CODE
MARC country code enk
082 04 - DEWEY DECIMAL CLASSIFICATION NUMBER
Classification number 137
245 00 - TITLE STATEMENT
Title Experiments in personality /
Statement of responsibility, etc. edited by H. J. Eysenck
260 ## - PUBLICATION, DISTRIBUTION, ETC.
Place of publication, distribution, etc. London :
Name of publisher, distributor, etc. Routledge and Kegan Paul,
Date of publication, distribution, etc. 1960 -
300 ## - PHYSICAL DESCRIPTION
Extent 2 v. :
Other physical details ill. ;
Dimensions 22 cm.
500 ## - GENERAL NOTE
General note Includes index
505 0# - FORMATTED CONTENTS NOTE
Formatted contents note Vol. 1. Psychogenetics and psychopharmacology - v. 2. Psychodiagnostics and psychodynamics
650 #0 - SUBJECT ADDED ENTRY--TOPICAL TERM
Topical term or geographic name entry element Personality
9 (RLIN) 24792
650 #0 - SUBJECT ADDED ENTRY--TOPICAL TERM
Topical term or geographic name entry element Clinical psychology
9 (RLIN) 20789
650 #0 - SUBJECT ADDED ENTRY--TOPICAL TERM
Topical term or geographic name entry element Psychopharmacology
9 (RLIN) 19706
700 1# - ADDED ENTRY--PERSONAL NAME
Personal name Eysenck, H. J.
Fuller form of name (Hans Jurgen),
Dates associated with a name 1916-,
Relationship edt
9 (RLIN) 171581
740 02 - ADDED ENTRY--UNCONTROLLED RELATED/ANALYTICAL TITLE
Uncontrolled related/analytical title Psychogenetics and psychopharmacology
740 02 - ADDED ENTRY--UNCONTROLLED RELATED/ANALYTICAL TITLE
Uncontrolled related/analytical title Psychodiagnostics and psychodynamics
887 ## - NON-MARC INFORMATION FIELD
Content of non-MARC field
901 ## - LOCAL DATA ELEMENT A, LDA (RLIN)
a 337746
b 15.02.1961
9 v1
901 ## - LOCAL DATA ELEMENT A, LDA (RLIN)
a 337747
b 15.02.1961
9 v2
902 ## - LOCAL DATA ELEMENT B, LDB (RLIN)
a E137 Ey73
949 ## - LOCAL PROCESSING INFORMATION (OCLC)
-- VIRTUAITEM
-- 10000
-- 100
6 PUR000337746ENG
9 v1
942 ## - ADDED ENTRY ELEMENTS (KOHA)
Source of classification or shelving scheme Dewey Decimal Classification
Koha item type Books
949 ## - LOCAL PROCESSING INFORMATION (OCLC)
-- VIRTUAITEM
-- 10000
-- 100
6 PUR000337747ENG
9 v2
Holdings
Withdrawn status Lost status Damaged status Not for loan Collection code Home library Current library Shelving location Date acquired Total Checkouts Full call number Barcode Date last seen Price effective from Koha item type
        New English National Library of India National Library of India New English - Main Stack Division     E137 Ey73 PUR000337746ENG 01/06/2021 01/06/2021 Books
        New English National Library of India National Library of India New English - Main Stack Division     E137 Ey73 PUR000337747ENG 01/06/2021 01/06/2021 Books
                                                                           
web counter

Copyright ©2020 The National Library of India, Govt. of India ↔ Hosted by NVLI, MOC ↔ Technology and Design by National Library of India, Ministry of Culture, Govt. of India